Globalization : (Record no. 15437)
[ view plain ]
| 000 -LEADER | |
|---|---|
| fixed length control field | 02232cam a22004454a 4500 |
| 001 - CONTROL NUMBER | |
| control field | 13784646 |
| 005 - DATE AND TIME OF LATEST TRANSACTION | |
| control field | 20070510102220.0 |
| 008 - FIXED-LENGTH DATA ELEMENTS--GENERAL INFORMATION | |
| fixed length control field | 041117s2005 nju b 001 0 eng |
| 010 ## - LIBRARY OF CONGRESS CONTROL NUMBER | |
| LC control number | 2004058633 |
| 015 ## - NATIONAL BIBLIOGRAPHY NUMBER | |
| National bibliography number | GBA525668 |
| Source | bnb |
| 016 7# - NATIONAL BIBLIOGRAPHIC AGENCY CONTROL NUMBER | |
| Record control number | 013147588 |
| Source | Uk |
| 020 ## - INTERNATIONAL STANDARD BOOK NUMBER | |
| International Standard Book Number | 0691133956 |
| 020 ## - INTERNATIONAL STANDARD BOOK NUMBER | |
| International Standard Book Number | 9780691133959 |
| 035 ## - SYSTEM CONTROL NUMBER | |
| System control number | (OCoLC)ocm57068352 |
| 040 ## - CATALOGING SOURCE | |
| Original cataloging agency | DLC |
| Transcribing agency | DLC |
| Modifying agency | YDX |
| -- | UKM |
| -- | BAKER |
| -- | YBM |
| -- | LMR |
| -- | NLGGC |
| -- | DLC |
| 041 1# - LANGUAGE CODE | |
| Language code of text/sound track or separate title | eng |
| Language code of original and/or intermediate translations of text | ger |
| 042 ## - AUTHENTICATION CODE | |
| Authentication code | pcc |
| 050 00 - LIBRARY OF CONGRESS CALL NUMBER | |
| Classification number | JZ1318 |
| Item number | .O8713 2005 |
| 082 00 - DEWEY DECIMAL CLASSIFICATION NUMBER | |
| Classification number | 303.48209 |
| Edition number | 22 |
| Item number | OST |
| 084 ## - OTHER CLASSIFICATION NUMBER | |
| Classification number | 15.50 |
| Source of number | bcl |
| 100 1# - MAIN ENTRY--PERSONAL NAME | |
| Personal name | Osterhammel, Jurgen. |
| 9 (RLIN) | 24273 |
| 240 10 - UNIFORM TITLE | |
| Uniform title | <a href="Geschichte der Globalisierung.">Geschichte der Globalisierung.</a> |
| Language of a work | English |
| 245 10 - TITLE STATEMENT | |
| Title | Globalization : |
| Remainder of title | A Short History / |
| Statement of responsibility, etc | Jurgen Osterhammel and Niels P. Peterson ; Translated by Dona Geyer. |
| 260 ## - PUBLICATION, DISTRIBUTION, ETC. (IMPRINT) | |
| Place of publication, distribution, etc | Princeton, N.J. : |
| Name of publisher, distributor, etc | Princeton University Press, 2005 |
| Date of publication, distribution, etc | c2005. |
| 300 ## - PHYSICAL DESCRIPTION | |
| Extent | xi, 182 p. ; |
| Dimensions | 23 cm. |
| 504 ## - BIBLIOGRAPHY, ETC. NOTE | |
| Bibliography, etc | Includes bibliographical references and index. |
| 505 0# - FORMATTED CONTENTS NOTE | |
| Formatted contents note | "Globalization" : circumnavigating a term -- The dimensions of globalization -- The development and establishment of worldwide connections until 1750 -- 1750-1880: imperialism, industrialization, and free trade -- 1880-1945: global capitalism and global crises -- 1945 to the Mid-1970s: globalization split in two. |
| 546 ## - LANGUAGE NOTE | |
| Language note | Translation from the German |
| 650 #0 - SUBJECT ADDED ENTRY--TOPICAL TERM | |
| Topical term or geographic name as entry element | Globalization |
| General subdivision | History. |
| 9 (RLIN) | 24274 |
| 653 ## - INDEX TERM--UNCONTROLLED | |
| Resource For college | |
| Arrived date list | May2011 |
| 700 1# - ADDED ENTRY--PERSONAL NAME | |
| Personal name | Petersson, Niels P. |
| 9 (RLIN) | 24275 |
| 700 1# - ADDED ENTRY--PERSONAL NAME | |
| Personal name | Geyer, Dona |
| 9 (RLIN) | 24272 |
| Relator term | trl |
| 856 41 - ELECTRONIC LOCATION AND ACCESS | |
| Materials specified | Table of contents only |
| Uniform Resource Identifier | <a href="http://www.loc.gov/catdir/toc/fy0612/2004058633.html">http://www.loc.gov/catdir/toc/fy0612/2004058633.html</a> |
| 856 42 - ELECTRONIC LOCATION AND ACCESS | |
| Materials specified | Contributor biographical information |
| Uniform Resource Identifier | <a href="http://www.loc.gov/catdir/enhancements/fy0668/2004058633-b.html">http://www.loc.gov/catdir/enhancements/fy0668/2004058633-b.html</a> |
| 856 42 - ELECTRONIC LOCATION AND ACCESS | |
| Materials specified | Publisher description |
| Uniform Resource Identifier | <a href="http://www.loc.gov/catdir/enhancements/fy0668/2004058633-d.html">http://www.loc.gov/catdir/enhancements/fy0668/2004058633-d.html</a> |
| 856 42 - ELECTRONIC LOCATION AND ACCESS | |
| Materials specified | Book review (H-Net) |
| Uniform Resource Identifier | <a href="http://www.h-net.org/review/hrev-a0e8y8-aa">http://www.h-net.org/review/hrev-a0e8y8-aa</a> |
| 942 ## - ADDED ENTRY ELEMENTS (KOHA) | |
| Source of classification or shelving scheme | Dewey Decimal Classification |
| Item type | Book - Borrowing |
| Withdrawn status | Item status | Source of classification or shelving scheme | Damaged status | Not for loan | Vendor | Home library | Current library | Shelving location | Date acquired | Source of acquisition | Cost, normal purchase price | Serial Enumeration / chronology | Total Checkouts | Total Renewals | Full call number | Barcode | Date last seen | Date last borrowed | Koha item type |
|---|---|---|---|---|---|---|---|---|---|---|---|---|---|---|---|---|---|---|---|
| Dewey Decimal Classification | Baccah | Central Library | Central Library | First floor | 29/05/2011 | 150.00 | 12337 | 5 | 16 | 303.48209 OST | 000023762 | 15/07/2025 | 29/03/2017 | Book - Borrowing |